MARC

LEADER 00000nam0a2200000 4500
001 164728
005 20231101222513.0
010 |a 0521275822 
035 |a (RuTPU)RU\TPU\book\178722 
035 |a RU\TPU\book\178666 
090 |a 164728 
100 |a 20090910d2001 m y0engy50 ba 
101 0 |a eng 
102 |a US 
105 |a a j 000zy 
200 1 |a Elementary Task Listening. Student`s Book  |f J. C. Stokes 
205 |a 16th ed. 
210 |a New York  |c Cambridge University Press  |d 2001 
215 |a 44 p.  |c il. 
606 1 |a Английский язык  |x Учебные руководства и пособия  |x Учебные руководства и пособия для высшей школы  |2 stltpush  |3 (RuTPU)RU\TPU\subj\29071  |9 52483 
610 1 |a лексика 
610 1 |a аудирование 
610 1 |a понимание 
686 |a Ш143.21-923  |v LBC/SL-A  |2 rubbk 
700 1 |a Stokes  |b J. C.  |g Jacqueline St Clair 
801 1 |a RU  |b 63413507  |c 20090909 
801 2 |a RU  |b 63413507  |c 20100712  |g RCR 
942 |c BK